Tribhuvan University Central Library

Issues and trends in literacy education (Record no. 35351)

MARC details
000 -LEADER
fixed length control field 009160000a22003610004500
082 ## - DEWEY DECIMAL CLASSIFICATION NUMBER
Classification number 372.6
Item number R566i
020 ## - INTERNATIONAL STANDARD BOOK NUMBER
International Standard Book Number 0-205-16146-4
041 ## - LANGUAGE CODE
Language code of text/sound track or separate title Eng
100 ## - MAIN ENTRY--PERSONAL NAME
Personal name Robinson, Richard D.
100 ## - MAIN ENTRY--PERSONAL NAME
Personal name McKenna, Michael C.
100 ## - MAIN ENTRY--PERSONAL NAME
Personal name Wedman, Judy M.
245 ## - TITLE STATEMENT
Title Issues and trends in literacy education
260 ## - PUBLICATION, DISTRIBUTION, ETC. (IMPRINT)
Place of publication, distribution, etc Boston
Name of publisher, distributor, etc Allyn and Bacon, USA
260 ## - PUBLICATION, DISTRIBUTION, ETC. (IMPRINT)
Date of publication, distribution, etc 1996
300 ## - PHYSICAL DESCRIPTION
Extent xiv, 337p.
500 ## - GENERAL NOTE
General note Bibliography at the end of each chapter
518 ## - DATE/TIME AND PLACE OF AN EVENT NOTE
Date/time and place of an event note 20051221
530 ## - ADDITIONAL PHYSICAL FORM AVAILABLE NOTE
Additional physical form available note M
650 ## - SUBJECT ADDED ENTRY--TOPICAL TERM
Topical term or geographic name as entry element Elementary education
650 ## - SUBJECT ADDED ENTRY--TOPICAL TERM
Topical term or geographic name as entry element Education
650 ## - SUBJECT ADDED ENTRY--TOPICAL TERM
Topical term or geographic name as entry element Elementary school
650 ## - SUBJECT ADDED ENTRY--TOPICAL TERM
Topical term or geographic name as entry element Literacy
650 ## - SUBJECT ADDED ENTRY--TOPICAL TERM
Topical term or geographic name as entry element Literacy campaigns
650 ## - SUBJECT ADDED ENTRY--TOPICAL TERM
Topical term or geographic name as entry element Teachers
650 ## - SUBJECT ADDED ENTRY--TOPICAL TERM
Topical term or geographic name as entry element Reading
650 ## - SUBJECT ADDED ENTRY--TOPICAL TERM
Topical term or geographic name as entry element Educational standards
650 ## - SUBJECT ADDED ENTRY--TOPICAL TERM
Topical term or geographic name as entry element Educational assessment
650 ## - SUBJECT ADDED ENTRY--TOPICAL TERM
Topical term or geographic name as entry element Technological literacy
650 ## - SUBJECT ADDED ENTRY--TOPICAL TERM
Topical term or geographic name as entry element Content literacy
650 ## - SUBJECT ADDED ENTRY--TOPICAL TERM
Topical term or geographic name as entry element Emergent literacy
651 ## - SUBJECT ADDED ENTRY--GEOGRAPHIC NAME
Geographic name USA
942 ## - ADDED ENTRY ELEMENTS (KOHA)
Koha item type General Collections
Holdings
Withdrawn status Lost status Source of classification or shelving scheme Damaged status Not for loan Home library Current library Shelving location Date acquired Total Checkouts Full call number Barcode Date last seen Price effective from Koha item type
    Dewey Decimal Classification     Tribhuvan University Central Library Tribhuvan University Central Library New Building 06/20/2010   372.6 R566i 129065 06/20/2010 06/20/2010 General Collections